000 00621nam a2200241Ia 4500
003 OSt
005 20220912151626.0
006 a|||||r|||| 00| 0
007 ta
008 220909b |||||||| |||| 00| 0 eng d
024 _a23332
037 _cTextual
040 _aCSL
_beng
_cCSL
041 _aeng
082 _aB28931, M4
100 _aAubin Jean-Pierre
245 0 _aExplicit methods of optimization
260 _aParis
_bBordas
_c1984
300 _a287p.
_ccm.
650 _aMathematical optimization
942 _hB28931, M4
_cTEXL
_2CC
999 _c72791
_d72791